| 000 | 01164cam a22003137a 4500 | ||
|---|---|---|---|
| 001 | 19181356 | ||
| 005 | 20180205034411.0 | ||
| 008 | 160719s2011 bcca b 001 0 eng | ||
| 010 | _a 2016417685 | ||
| 016 | _a20119005506 | ||
| 020 | _a9781553658313 | ||
| 020 | _a1553658310 | ||
| 035 | _a(OCoLC)ocn663952969 | ||
| 040 |
_aNLC _beng _cNLC _dBTCTA _dYDXCP _dCDX _dORX _dMIA _dCPL _dFVC _dOXF _dLMR _dIBI _dNSB _dBDX _dSHH _dOCLCQ _dAZH _dS4S _dOCLCQ _dOCLCF _dOCLCO _dZ45 _dOCLCQ _dDLC |
||
| 041 | _aeng | ||
| 042 | _alccopycat | ||
| 055 | 0 | 0 |
_aQC981.8 G56 _bB47 2011 |
| 080 | _a363.738747 mik | ||
| 082 | 0 | 4 |
_a363.738747 mik _223 |
| 100 | 1 | _a10 | |
| 101 | _anut | ||
| 245 | 1 | 0 |
_aHow bad are bananas? : _cMike Berners-Lee. |
| 504 | _aIncludes bibliographical references and index. | ||
| 530 | _aAlso available in an electronic format. | ||
| 776 | 0 | 8 |
_iOnline version: _aBerners-Lee, Mike. _tHow bad are bananas? _dVancouver, BC : Greystone Books, 2011 _z9781553658320 _w(OCoLC)768347677 |
| 906 |
_a7 _bcbc _ccopycat _d3 _encip _f20 _gy-gencatlg |
||
| 942 |
_2ddc _cBK |
||
| 999 |
_c41723 _d41723 |
||